[Event "CRO-chT2 Center 26th"]
[Site "Croatia"]
[Date "2017.03.26"]
[Round "2.53"]
[White "Orak, Ljubomir"]
[Black "Sokac, Marko"]
[Result "1-0"]
[WhiteElo "2273"]
[BlackElo "2278"]
[PlyCount "89"]
[EventDate "2017.03.26"]
[EventType "team-tourn"]
[EventRounds "11"]
[EventCountry "CRO"]
[SourceTitle "EXT 2019"]
[Source "ChessBase"]
[SourceDate "2018.10.10"]
[SourceVersion "1"]
[SourceVersionDate "2018.10.10"]
[SourceQuality "1"]

1. e4 d6 2. d4 Nf6 3. Nc3 c6 4. Nf3 Bg4 5. Be2 e6 6. 0-0 d5 7. h3 Bxf3 8. Bxf3 Be7 9. Be3 0-0 10. Qd3 Nfd7 11. Ne2 Nb6 12. b3 N8d7 13. Rad1 Bg5 14. Qd2 Bxe3 15. Qxe3 Qe7 16. a4 dxe4 17. Bxe4 Nd5 18. Qd2 N7f6 19. Bf3 a5 20. c4 Nb4 21. Nc3 Rfd8 22. Qe2 Qc7 23. Ne4 Qf4 24. Nc5 Rab8 25. Qe5 Qh4 26. Qc7 Ne8 27. Qe5 Nf6 28. Qc7 b6 29. Nd3 Nc2 30. Ne5 Nxd4 31. Rxd4 Qxd4 32. Qxf7+ Kh8 33. Qxe6 Rd7 34. Nxc6 Qf4 35. Nxb8 Qxb8 36. Re1 Qd8 37. Qe2 g6 38. Qe5 Kg7 39. c5 bxc5 40. Qxc5 Rd4 41. Qe7+ Qxe7 42. Rxe7+ Kf8 43. Ra7 Rd3 44. Rxa5 Rxb3 45. Ra7 1-0

[Event "CRO-chT"]
[Site "Bol"]
[Date "2013.09.16"]
[Round "3.2"]
[White "Petrov, Jole"]
[Black "Orak, Ljubomir"]
[Result "1-0"]
[WhiteElo "2416"]
[BlackElo "2301"]
[PlyCount "35"]
[EventDate "2013.09.14"]
[EventType "team-tourn"]
[EventRounds "9"]
[EventCountry "CRO"]
[SourceTitle "CBM 156 Extra"]
[Source "ChessBase"]
[SourceDate "2013.10.22"]
[SourceVersion "1"]
[SourceVersionDate "2013.10.22"]
[SourceQuality "1"]
[WhiteTeam "Rijeka Rijeka"]
[BlackTeam "Varazdin"]
[WhiteTeamCountry "CRO"]
[BlackTeamCountry "CRO"]

1. Nf3 Nf6 2. c4 g6 3. g3 Bg7 4. Bg2 0-0 5. 0-0 d6 6. d4 Nc6 7. Nc3 a6 8. Re1 Rb8 9. Rb1 Na5 10. Qd3 b5 11. cxb5 axb5 12. b4 Nc4 13. d5 e5 14. e4 Ba6 15. a4 Qd7 16. axb5 Bxb5 17. Nxb5 Qxb5 18. Bf1 1-0

[Event "CRO-chT Cup 22nd"]
[Site "Bol"]
[Date "2013.05.23"]
[Round "3.82"]
[White "Lasic, Luka"]
[Black "Orak, Ljubomir"]
[Result "1/2-1/2"]
[WhiteElo "2272"]
[BlackElo "2312"]
[PlyCount "25"]
[EventDate "2013.05.22"]
[EventType "team"]
[EventRounds "6"]
[EventCountry "CRO"]
[SourceTitle "CBM 154 Extra"]
[Source "ChessBase"]
[SourceDate "2013.06.25"]
[SourceVersion "2"]
[SourceVersionDate "2013.06.25"]
[SourceQuality "1"]
[WhiteTeam "Velika Gorica"]
[BlackTeam "Varazdin"]
[WhiteTeamCountry "CRO"]
[BlackTeamCountry "CRO"]

1. d4 Nf6 2. c4 g6 3. Nc3 Bg7 4. e4 d6 5. Be2 0-0 6. Nf3 e5 7. dxe5 dxe5 8. Qxd8 Rxd8 9. Bg5 Re8 10. 0-0-0 h6 11. Bh4 Na6 12. Bg3 Nh5 13. Nd2 1/2-1/2

[Event "CRO-chT Cup 22nd"]
[Site "Bol"]
[Date "2013.05.22"]
[Round "1.112"]
[White "Sermek, Antonio"]
[Black "Orak, Ljubomir"]
[Result "1/2-1/2"]
[WhiteElo "2111"]
[BlackElo "2312"]
[PlyCount "55"]
[EventDate "2013.05.22"]
[EventType "team"]
[EventRounds "6"]
[EventCountry "CRO"]
[SourceTitle "CBM 154 Extra"]
[Source "ChessBase"]
[SourceDate "2013.06.25"]
[SourceVersion "2"]
[SourceVersionDate "2013.06.25"]
[SourceQuality "1"]
[WhiteTeam "Miklavec"]
[BlackTeam "Varazdin"]
[WhiteTeamCountry "CRO"]
[BlackTeamCountry "CRO"]

1. e4 c5 2. c3 d5 3. exd5 Qxd5 4. d4 Nf6 5. Nf3 Bg4 6. Be2 e6 7. 0-0 Be7 8. h3 Bh5 9. Be3 cxd4 10. Nxd4 Bxe2 11. Qxe2 a6 12. Rd1 0-0 13. c4 Qa5 14. Nc3 Nbd7 15. Bf4 Bb4 16. Ne4 Qb6 17. a3 Nxe4 18. Qxe4 Nf6 19. Qc2 Bc5 20. Nf3 a5 21. Rab1 Rfd8 22. Bg5 Rxd1+ 23. Rxd1 Rd8 24. Rxd8+ Qxd8 25. Ne5 h6 26. Bxf6 Qxf6 27. Nd7 Qd4 28. Nxc5 1/2-1/2

[Event "CRO-chT1B 21st"]
[Site "Sibenik"]
[Date "2012.09.24"]
[Round "2.3"]
[White "Orak, Ljubomir"]
[Black "Vlaic, Branko"]
[Result "1/2-1/2"]
[WhiteElo "2307"]
[BlackElo "2225"]
[PlyCount "155"]
[EventDate "2012.09.23"]
[EventType "team-tourn"]
[EventRounds "7"]
[EventCountry "CRO"]
[SourceTitle "CBM 150 Extra"]
[Source "ChessBase"]
[SourceDate "2012.10.19"]
[SourceVersion "1"]
[SourceVersionDate "2012.10.19"]
[SourceQuality "1"]
[WhiteTeam "Varazdin"]
[BlackTeam "Sibenik"]
[WhiteTeamCountry "CRO"]
[BlackTeamCountry "CRO"]

1. e4 e6 2. d4 d5 3. Nc3 Bb4 4. e5 Ne7 5. a3 Bxc3+ 6. bxc3 c5 7. Nf3 Qc7 8. Be2 b6 9. 0-0 Ba6 10. Bxa6 Nxa6 11. Qe2 Nb8 12. c4 cxd4 13. cxd5 Nxd5 14. Nxd4 0-0 15. c4 Ne7 16. Nb5 Qc6 17. Rd1 Na6 18. a4 Nc5 19. Ba3 a6 20. Nd6 Nxa4 21. Ne4 Nc5 22. Bxc5 bxc5 23. Ra5 Rfd8 24. Rd6 Rxd6 25. exd6 Qb6 26. Rxc5 Qb1+ 27. Qf1 Qxe4 28. dxe7 Qb7 29. Ra5 Qxe7 30. c5 Qc7 31. Rxa6 Rxa6 32. Qxa6 Qxc5 33. Qa8+ Qf8 34. Qe4 Qd8 35. h4 Qd5 36. Qf4 g6 37. g3 Kg7 38. Qe3 e5 39. Kh2 Qd4 40. Qf3 e4 41. Qf4 Qf6 42. Qe3 Qe5 43. Kg2 Qd5 44. Kh2 Qd3 45. Qc5 h6 46. Qe5+ Kh7 47. Kg2 Qf3+ 48. Kg1 Qf5 49. Qd4 g5 50. hxg5 hxg5 51. Qd6 Kg7 52. Qd4+ Kg6 53. Qh8 Qe6 54. Qd4 f5 55. Qd2 Qe5 56. Kf1 f4 57. gxf4 gxf4 58. f3 e3 59. Qc2+ Kg5 60. Qg2+ Kf6 61. Qc2 Qf5 62. Qb2+ Kg6 63. Qg2+ Kh5 64. Qh2+ Kg5 65. Qe2 Qb1+ 66. Kg2 Kh4 67. Kh2 Qc1 68. Qa6 Qd2+ 69. Kg1 Qf2+ 70. Kh1 Qxf3+ 71. Kh2 Qh3+ 72. Kg1 Kg3 73. Qe2 f3 74. Qxf3+ Kh4 75. Qxh3+ Kxh3 76. Kf1 Kg3 77. Ke2 Kf4 78. Ke1 1/2-1/2

[Event "Pula op 26th"]
[Site "Pula"]
[Date "2012.06.10"]
[Round "2"]
[White "Hruby, Milan"]
[Black "Orak, Ljubomir"]
[Result "1/2-1/2"]
[WhiteElo "2102"]
[BlackElo "2323"]
[PlyCount "149"]
[EventDate "2012.06.09"]
[EventType "swiss"]
[EventRounds "9"]
[EventCountry "CRO"]
[SourceTitle "CBM 148 Extra"]
[Source "ChessBase"]
[SourceDate "2012.06.22"]
[SourceVersion "1"]
[SourceVersionDate "2012.06.22"]
[SourceQuality "1"]

1. e4 c5 2. Nf3 e6 3. b3 Nc6 4. Bb2 a6 5. d4 cxd4 6. Nxd4 Nf6 7. Bd3 Be7 8. 0-0 d6 9. c4 0-0 10. Nd2 Bd7 11. N2f3 Qa5 12. a3 Rfd8 13. b4 Qh5 14. Qb3 Nxd4 15. Nxd4 Ng4 16. h3 Ne5 17. Be2 Qh4 18. f4 Nc6 19. Rad1 Nxd4 20. Bxd4 Be8 21. Qc3 Bf6 22. Bxf6 Qxf6 23. Qxf6 gxf6 24. Kf2 Kf8 25. Ke3 Ke7 26. Rc1 Rdc8 27. Rc3 a5 28. Rfc1 axb4 29. axb4 Ra4 30. c5 dxc5 31. Rxc5 Rxc5 32. bxc5 Bc6 33. Bd3 e5 34. g3 Ra3 35. Kd2 Ra2+ 36. Rc2 Ra4 37. Ke3 Ra3 38. Kd2 f5 39. exf5 e4 40. Bf1 Rxg3 41. Rc3 Rxc3 42. Kxc3 Kf6 43. Kd4 Kxf5 44. Ke3 Ke6 45. Kd4 f6 46. Be2 h6 47. Bg4+ f5 48. Be2 Kf6 49. h4 Ba4 50. Bh5 Bb5 51. Bd1 Ke6 52. Bb3+ Kd7 53. Bd1 Kc7 54. Bh5 Kb8 55. Ke5 Bd7 56. Kd4 Kc7 57. Bf7 b6 58. cxb6+ Kxb6 59. Bc4 Ka5 60. Be2 Kb4 61. Bh5 Kb3 62. Ke3 Kc2 63. Be2 Kc1 64. Bh5 Be6 65. Be2 Bb3 66. Bh5 Bd1 67. Be8 Bf3 68. Bd7 Bg4 69. Ba4 Kb2 70. Bb5 Kb3 71. Bc6 Kc4 72. Bd7 Kd5 73. Bb5 Ke6 74. Bc6 Bh5 75. Ba4 1/2-1/2

[Event "CRO Cup 21st"]
[Site "Sibenik"]
[Date "2012.05.19"]
[Round "5.102"]
[White "Djurovic, Goran"]
[Black "Orak, Ljubomir"]
[Result "1-0"]
[WhiteElo "2375"]
[BlackElo "2323"]
[PlyCount "123"]
[EventDate "2012.05.16"]
[EventType "team-swiss"]
[EventRounds "6"]
[EventCountry "CRO"]
[SourceTitle "CBM 148 Extra"]
[Source "ChessBase"]
[SourceDate "2012.06.22"]
[SourceVersion "1"]
[SourceVersionDate "2012.06.22"]
[SourceQuality "1"]
[WhiteTeam "Sesvete"]
[BlackTeam "Varazdin"]
[WhiteTeamCountry "CRO"]
[BlackTeamCountry "CRO"]

1. Nf3 Nf6 2. c4 g6 3. Nc3 Bg7 4. e4 d6 5. d4 0-0 6. Be2 e5 7. 0-0 Nc6 8. d5 Ne7 9. b4 a5 10. Ba3 axb4 11. Bxb4 b6 12. a4 Nd7 13. a5 bxa5 14. Bxa5 Ba6 15. Qc2 Nc8 16. Ra3 Ncb6 17. Qa2 Bb7 18. Rb1 f5 19. Bxb6 cxb6 20. Rxa8 Bxa8 21. Qa7 Bf6 22. h3 Qc8 23. Nb5 Be7 24. Nd2 Bb7 25. Qa3 Nc5 26. Bf3 Qd8 27. Nc3 Bg5 28. Nf1 Ba6 29. Qb4 Qf6 30. exf5 gxf5 31. Na4 e4 32. Be2 f4 33. Bg4 e3 34. Nxc5 bxc5 35. Qa4 Bc8 36. Bxc8 exf2+ 37. Kh1 Rxc8 38. Qd7 Rd8 39. Qg4 Kh8 40. Qe2 f3 41. Qxf3 Re8 42. Qxf6+ Bxf6 43. g4 Re4 44. Kg2 Rxc4 45. Rb8+ Kg7 46. Kxf2 Rf4+ 47. Ke2 h5 48. Ng3 Ra4 49. Nxh5+ Kf7 50. Nxf6 Kxf6 51. Re8 Kg5 52. Rg8+ Kh4 53. Kf3 c4 54. Rh8+ Kg5 55. h4+ Kf6 56. Rc8 Ke5 57. g5 c3 58. Kg3 Kxd5 59. g6 Ra1 60. h5 Rh1 61. Kf4 Ke6 62. g7 1-0

[Event "CRO Cup 21st"]
[Site "Sibenik"]
[Date "2012.05.17"]
[Round "3.62"]
[White "Sertic, Rudolf"]
[Black "Orak, Ljubomir"]
[Result "1-0"]
[WhiteElo "2389"]
[BlackElo "2323"]
[PlyCount "107"]
[EventDate "2012.05.16"]
[EventType "team-swiss"]
[EventRounds "6"]
[EventCountry "CRO"]
[SourceTitle "CBM 148 Extra"]
[Source "ChessBase"]
[SourceDate "2012.06.22"]
[SourceVersion "1"]
[SourceVersionDate "2012.06.22"]
[SourceQuality "1"]
[WhiteTeam "Djakovo"]
[BlackTeam "Varazdin"]
[WhiteTeamCountry "CRO"]
[BlackTeamCountry "CRO"]

1. d4 Nf6 2. c4 g6 3. Nc3 Bg7 4. e4 d6 5. Nf3 0-0 6. Be2 e5 7. dxe5 dxe5 8. Qxd8 Rxd8 9. Bg5 Re8 10. 0-0-0 Nbd7 11. Nb5 Rf8 12. Nxc7 Rb8 13. Nd2 Nc5 14. f3 Ne6 15. Nxe6 Bxe6 16. Be3 b6 17. b3 Nd7 18. Nb1 Rfc8 19. Kb2 Bf8 20. Nc3 Bc5 21. Bxc5 bxc5 22. Rd6 Rb6 23. Rhd1 Rxd6 24. Rxd6 Nb8 25. Nb5 Nc6 26. a3 Kf8 27. Rxc6 Rxc6 28. Nxa7 Ra6 29. Nb5 Ke7 30. Nc7 Ra7 31. Nd5+ Bxd5 32. cxd5 f5 33. a4 Kd6 34. Kc3 Rb7 35. Bb5 fxe4 36. fxe4 Rb8 37. Kc4 Ra8 38. Bc6 Rb8 39. Bb5 Ra8 40. b4 cxb4 41. Kxb4 Rf8 42. a5 Rf4 43. a6 Rxe4+ 44. Ka5 Rf4 45. a7 Rf8 46. Bc6 Kc5 47. a8Q Rxa8+ 48. Bxa8 e4 49. d6 e3 50. Bf3 Kxd6 51. Kb4 Ke5 52. Kc3 Kf4 53. Kd4 g5 54. Be2 1-0

[Event "Zlatni Rat op 2nd"]
[Site "Bol"]
[Date "2011.09.12"]
[Round "4"]
[White "Elishev, Ivan"]
[Black "Orak, Ljubomir"]
[Result "0-1"]
[WhiteElo "2220"]
[BlackElo "2308"]
[PlyCount "129"]
[EventDate "2011.09.10"]
[EventType "swiss"]
[EventRounds "9"]
[EventCountry "CRO"]
[SourceTitle "CBM 144 Extra"]
[Source "ChessBase"]
[SourceDate "2011.10.28"]
[SourceVersion "1"]
[SourceVersionDate "2011.10.28"]
[SourceQuality "1"]

1. e4 c5 2. Nf3 e6 3. c4 Nc6 4. d4 cxd4 5. Nxd4 Nf6 6. Nc3 Bb4 7. Nxc6 bxc6 8. Bd3 e5 9. Be3 Bxc3+ 10. bxc3 d6 11. Qa4 Qc7 12. f3 0-0 13. 0-0 c5 14. Rab1 Nd7 15. Rb2 Nb6 16. Qa5 Be6 17. Qa6 f6 18. a4 Rfb8 19. Rfb1 Bc8 20. Qa5 Bd7 21. h4 Bxa4 22. h5 h6 23. Bf1 Be8 24. Rd2 Bxh5 25. Rbd1 Rd8 26. Bxc5 dxc5 27. Rxd8+ Rxd8 28. Rxd8+ Qxd8 29. Qxa7 Bf7 30. Qa6 Qc7 31. Qb5 Kh7 32. Kh2 h5 33. g3 Nc8 34. Qa6 Nd6 35. Kg1 g5 36. Kh2 Kg7 37. Kg1 g4 38. fxg4 hxg4 39. Bd3 Bg6 40. Qa8 Qb7 41. Qd8 Nxe4 42. Kh2 Ng5 43. Bxg6 Kxg6 44. Qg8+ Kf5 45. Qd8 Qh7+ 46. Kg2 Qh3+ 47. Kf2 Qh2+ 48. Kf1 Qh1+ 49. Ke2 Qf3+ 50. Ke1 Qxg3+ 51. Kd1 Qf3+ 52. Kc1 Qxc3+ 53. Kb1 Qd4 54. Qc8+ Kf4 55. Qh8 Qd3+ 56. Kb2 Qd2+ 57. Kb1 f5 58. Qh4 Qd3+ 59. Kb2 Nf3 60. Qh6+ Kg3 61. Qf8 Qd4+ 62. Kb1 f4 63. Qg8 e4 64. Qe6 Ne5 65. Kc2 0-1

[Event "CRO-Cup 19th"]
[Site "Sibenik"]
[Date "2010.05.23"]
[Round "6"]
[White "Galic, Ivan"]
[Black "Orak, Ljubomir"]
[Result "1-0"]
[WhiteElo "2396"]
[BlackElo "2343"]
[PlyCount "111"]
[EventDate "2010.05.19"]
[EventType "team-tourn"]
[EventRounds "6"]
[EventCountry "CRO"]
[SourceTitle "CBM 136 Extra"]
[Source "ChessBase"]
[SourceDate "2010.07.02"]
[SourceVersion "2"]
[SourceVersionDate "2010.07.15"]
[SourceQuality "1"]

1. c4 Nf6 2. Nf3 g6 3. g3 Bg7 4. Bg2 0-0 5. 0-0 d6 6. Nc3 Nc6 7. Rb1 a5 8. a3 e5 9. d3 Re8 10. Bg5 h6 11. Bxf6 Bxf6 12. b4 axb4 13. axb4 Bg7 14. Nd2 h5 15. b5 Nd4 16. e3 Ne6 17. h4 Nc5 18. Nb3 Bg4 19. Qc2 Nxb3 20. Qxb3 Rb8 21. Ra1 g5 22. hxg5 Qxg5 23. Ra4 Qg6 24. Be4 f5 25. c5+ Kh8 26. Bg2 h4 27. f3 Bh6 28. fxg4 Bxe3+ 29. Kh1 hxg3 30. Rxf5 Re7 31. Bh3 Rh7 32. Kg2 Bxc5 33. Ne4 Bd4 34. Nxg3 Rg8 35. Qd1 Qh6 36. Rh5 Qe3 37. Rxh7+ Kxh7 38. Qf1 Rf8 39. Nf5 Qd2+ 40. Kg3 Be3 41. Kf3 Bd4 42. Qe2 Qg5 43. Rxd4 exd4 44. Qe4 Qe3+ 45. Qxe3 dxe3 46. Kxe3 Re8+ 47. Kd4 Kg6 48. Bg2 b6 49. Bc6 Re5 50. Ne3 Re7 51. Nd5 Rg7 52. Nf4+ Kh6 53. Ne6 Rxg4+ 54. Kd5 Rg8 55. Nxc7 Kg5 56. Kxd6 1-0

[Event "CRO-Cup 19th"]
[Site "Sibenik"]
[Date "2010.05.21"]
[Round "4"]
[White "Orak, Ljubomir"]
[Black "Franic, Milan"]
[Result "1/2-1/2"]
[WhiteElo "2343"]
[BlackElo "2392"]
[PlyCount "29"]
[EventDate "2010.05.19"]
[EventType "team-tourn"]
[EventRounds "6"]
[EventCountry "CRO"]
[SourceTitle "CBM 136 Extra"]
[Source "ChessBase"]
[SourceDate "2010.07.02"]
[SourceVersion "2"]
[SourceVersionDate "2010.07.15"]
[SourceQuality "1"]

1. e4 b6 2. d4 Bb7 3. Bd3 Nf6 4. Qe2 e6 5. Nf3 d5 6. e5 Nfd7 7. c3 Be7 8. h4 h6 9. h5 a5 10. Rh3 Ba6 11. Bxa6 Nxa6 12. Rg3 Bf8 13. Na3 c6 14. Nc2 b5 15. b3 1/2-1/2

[Event "Zadar op-A 16th"]
[Site "Zadar"]
[Date "2009.12.17"]
[Round "7"]
[White "Dimitrov, Pavel"]
[Black "Orak, Ljubomir"]
[Result "1-0"]
[WhiteElo "2371"]
[BlackElo "2339"]
[PlyCount "99"]
[EventDate "2009.12.13"]
[EventType "swiss"]
[EventRounds "9"]
[EventCountry "CRO"]
[SourceTitle "CBM 133 Extra"]
[Source "ChessBase"]
[SourceDate "2010.01.05"]
[SourceVersion "1"]
[SourceVersionDate "2010.01.05"]
[SourceQuality "1"]

1. e4 e5 2. Nc3 Nf6 3. g3 d5 4. exd5 Nxd5 5. Bg2 Nxc3 6. bxc3 Bd6 7. Ne2 0-0 8. 0-0 c6 9. a4 Re8 10. d3 Nd7 11. c4 Nc5 12. a5 Bg4 13. h3 Bh5 14. g4 Bg6 15. f4 exf4 16. Nxf4 Be5 17. Ra2 a6 18. Kh1 Ne6 19. Qf3 Nxf4 20. Bxf4 Bc3 21. Rb1 Qd7 22. Bg3 Bd4 23. Ra3 h5 24. gxh5 Bf5 25. Bf4 Be5 26. Bxe5 Rxe5 27. Rab3 Rae8 28. Rxb7 Qd6 29. Qg3 Qh6 30. Rb8 Kh7 31. Rxe8 Rxe8 32. Qf3 Qg5 33. Rf1 g6 34. hxg6+ fxg6 35. Qf4 Qxf4 36. Rxf4 Re2 37. Bxc6 Rxc2 38. Be4 Bxe4+ 39. Rxe4 Kh6 40. Re5 g5 41. Kg1 Kh5 42. Re4 Ra2 43. c5 Rxa5 44. Rc4 Rb5 45. c6 Rb8 46. d4 Kg6 47. d5 Kf6 48. d6 Ke6 49. d7 Rf8 50. Re4+ 1-0

[Event "Zadar op-A 16th"]
[Site "Zadar"]
[Date "2009.12.16"]
[Round "6"]
[White "Orak, Ljubomir"]
[Black "Nikolov, Sasho"]
[Result "0-1"]
[WhiteElo "2339"]
[BlackElo "2410"]
[PlyCount "78"]
[EventDate "2009.12.13"]
[EventType "swiss"]
[EventRounds "9"]
[EventCountry "CRO"]
[SourceTitle "CBM 133 Extra"]
[Source "ChessBase"]
[SourceDate "2010.01.05"]
[SourceVersion "1"]
[SourceVersionDate "2010.01.05"]
[SourceQuality "1"]

1. e4 c5 2. Nf3 e6 3. d4 cxd4 4. Nxd4 Nf6 5. Nc3 d6 6. Be2 Be7 7. 0-0 0-0 8. f4 Nc6 9. Nb3 Qc7 10. Be3 a6 11. Bf3 b5 12. a4 b4 13. Ne2 Bb7 14. c4 bxc3 15. Nxc3 Rac8 16. Rc1 Qb8 17. Nd4 Rfd8 18. Qe2 Nxd4 19. Bxd4 e5 20. Nd5 Bxd5 21. exd5 exd4 22. Qxe7 Rxc1 23. Rxc1 Re8 24. Qc7 Qxb2 25. Rf1 Qa3 26. Qc4 Qe3+ 27. Kh1 a5 28. g3 h5 29. Qc1 Qd3 30. Qd1 Qc3 31. Kg2 Re3 32. Rf2 g6 33. f5 g5 34. Bxh5 Re1 35. Qf3 Qxf3+ 36. Bxf3 g4 37. Be2 Ne4 38. Bxg4 Nxf2 39. Kxf2 Ra1 0-1

[Event "Zadar op-A 16th"]
[Site "Zadar"]
[Date "2009.12.15"]
[Round "4"]
[White "Orak, Ljubomir"]
[Black "Stojanovic, Andjelija"]
[Result "1/2-1/2"]
[WhiteElo "2339"]
[BlackElo "2329"]
[PlyCount "51"]
[EventDate "2009.12.13"]
[EventType "swiss"]
[EventRounds "9"]
[EventCountry "CRO"]
[SourceTitle "CBM 133 Extra"]
[Source "ChessBase"]
[SourceDate "2010.01.05"]
[SourceVersion "1"]
[SourceVersionDate "2010.01.05"]
[SourceQuality "1"]

1. e4 c5 2. Nf3 Nc6 3. b3 d6 4. Bb5 Bd7 5. 0-0 Nf6 6. Re1 a6 7. Bxc6 Bxc6 8. e5 dxe5 9. Nxe5 Rc8 10. Bb2 e6 11. d3 Be7 12. Nd2 0-0 13. Nxc6 Rxc6 14. Qf3 Nd5 15. Nc4 Bf6 16. Bxf6 Qxf6 17. Qxf6 gxf6 18. Kf1 b5 19. Ne3 Rd8 20. Nxd5 Rxd5 21. a4 c4 22. axb5 axb5 23. dxc4 bxc4 24. Red1 Rb5 25. bxc4 Rxc4 26. Ra2 1/2-1/2

[Event "Zadar op-A 16th"]
[Site "Zadar"]
[Date "2009.12.13"]
[Round "1"]
[White "Drasko, Milan"]
[Black "Orak, Ljubomir"]
[Result "1-0"]
[WhiteElo "2527"]
[BlackElo "2339"]
[PlyCount "81"]
[EventDate "2009.12.13"]
[EventType "swiss"]
[EventRounds "9"]
[EventCountry "CRO"]
[SourceTitle "CBM 133 Extra"]
[Source "ChessBase"]
[SourceDate "2010.01.05"]
[SourceVersion "1"]
[SourceVersionDate "2010.01.05"]
[SourceQuality "1"]

1. Nf3 Nf6 2. g3 g6 3. Bg2 Bg7 4. d4 0-0 5. c4 d6 6. 0-0 Nc6 7. Nc3 a6 8. Bd2 e5 9. d5 Ne7 10. b4 h6 11. Qb3 Ne8 12. e4 f5 13. c5 Kh7 14. exf5 Nxf5 15. Rac1 Nf6 16. Rfe1 Bd7 17. h3 Nd4 18. Nxd4 exd4 19. Ne2 Nh5 20. g4 Qh4 21. f4 Nf6 22. c6 bxc6 23. dxc6 Bc8 24. Qd3 h5 25. g5 Bf5 26. Qg3 Qxg3 27. Nxg3 Ng8 28. Nxf5 gxf5 29. Re6 Rfe8 30. Rce1 Rxe6 31. Rxe6 Bf8 32. h4 Rb8 33. Bf3 d5 34. Bxd5 Bxb4 35. Bxb4 Rxb4 36. Re8 d3 37. Bxg8+ Kg7 38. Bb3 Rxf4 39. Re7+ Kf8 40. Rxc7 d2 41. Rd7 1-0

[Event "CRO-chT1B 18th"]
[Site "Sibenik"]
[Date "2009.09.27"]
[Round "7"]
[White "Orak, Ljubomir"]
[Black "Jurkovic, Ante"]
[Result "1/2-1/2"]
[WhiteElo "2341"]
[BlackElo "2336"]
[PlyCount "104"]
[EventDate "2009.09.21"]
[EventType "team-tourn"]
[EventRounds "9"]
[EventCountry "CRO"]
[SourceTitle "EXT 2010"]
[Source "ChessBase"]
[SourceDate "2010.11.25"]
[SourceVersion "1"]
[SourceVersionDate "2010.11.25"]
[SourceQuality "1"]

1. e4 d6 2. d4 Nf6 3. Nc3 e5 4. Nf3 Nbd7 5. Bc4 h6 6. 0-0 c6 7. a4 a5 8. Re1 Be7 9. dxe5 dxe5 10. Nh4 g6 11. Nf3 Qc7 12. h3 Bc5 13. Nh2 Nf8 14. Qf3 Qe7 15. Be3 Bxe3 16. Qxe3 Be6 17. Bxe6 Nxe6 18. Nf3 Nd7 19. Rad1 Qc5 20. Qxc5 Nexc5 21. Rd2 Ke7 22. Red1 Rhd8 23. Kf1 f6 24. g3 Nf8 25. Ke2 Rxd2+ 26. Rxd2 Nfe6 27. Ke3 Ng5 28. Ng1 h5 29. f4 Nf7 30. Nf3 g5 31. fxg5 fxg5 32. b3 Rg8 33. Rh2 Ke6 34. Rh1 Nd6 35. Nd2 Nd7 36. Rf1 g4 37. h4 Nc5 38. Ne2 Rc8 39. Nc3 Rd8 40. Ne2 Rh8 41. Nc3 Rd8 42. Ne2 Na6 43. Nc1 Nc5 44. Nd3 Nxd3 45. cxd3 b5 46. Rc1 Rc8 47. d4 exd4+ 48. Kxd4 Kd7 49. Rc5 Rh8 50. Rg5 Nf7 51. Rf5 Nd6 52. Rg5 Nf7 1/2-1/2